000 02208nam0a2200385 4500
001 RU\NLR\bibl\737435
005 20260407024158.0
010 _a5-7851-0364-8
_9200
021 _aRU
_b2004-76427
_93769
035 _a(NLR Aleph) 000727350
090 _a740740
_c740740
100 _a20050321d2001 |||y0rusy50 ca
101 0 _arus
_deng
102 _aRU
105 _aa |||||||||
200 1 _aАрхеологические памятники Шигирского торфяника
_f[Н. М. Чаиркина, С. Н. Савченко, Ю. Б. Сериков, А. С. Литвяк]
_gМ-во культуры Свердлов. обл., Свердлов. обл. краевед. музей, Рос. акад. наук, Урал. отд-ние, Ин-т истории и археологии
210 _aЕкатеринбург
_cБанк культ. информ.
_d2001
215 _a191, [3] с.
_cил.
_d24
300 _aНа с. 187 авт.: Литвяк А. С., Савченко С. Н. - археологи, Сериков Ю. Б. - археолог, д. ист. н., проф., Чаиркина Н. М. - археолог, к. ист. н.
300 _aАвт. указаны на обороте тит. л.
300 _aРез. на англ. яз.
320 _aБиблиогр.: с. 140-144
607 _aШигирский торфяник (Свердловская область)
_xАрхеологическое изучение
_92368958
_3RU\NLR\auth\661414100
686 _aТ4(2Р36-4Св)
701 1 _4070
_7ca
_8rus
_aЧаиркина
_bН. М.
_f1957-
_gНаталия Михайловна
_9169010
_3RU\NLR\AUTH\770169060
701 1 _aСавченко
_bС. Н.
_gСветлана Николаевна
_4070
701 1 _aСериков
_bЮ. Б.
_gЮрий Борисович
_4070
701 1 _aЛитвяк
_bА. С.
_gАлександр Станиславович
_4070
712 0 2 _4570
_aСвердловский областной краеведческий музей
_cЕкатеринбург
_9517293
_3RU\NLR\AUTH\8810009771
801 0 _aRU
_bNLR
_c20050321
_gPSBO
801 1 _aRU
_bNLR
_c20050321
942 _cBOOK
980 _aNB